Contemporáneos : 1929 : números 15-19, agosto de 1929-diciembre de 1929 /

Збережено в:
Бібліографічні деталі
Інші автори: Ortiz de Montellano, Bernardo (dirección) (dirección)
Формат: Книга
Мова:Іспанська
Опубліковано: México : Fondo de Cultura Económica, 1981, c1981
Серія:(Revistas Literarias Mexicanas Modernas)
Предмети:
Теги: Додати тег
Немає тегів, Будьте першим, хто поставить тег для цього запису!

MARC

LEADER 00000nam^a2200000^a^4500
001 000154795
005 20251125000000.0
009 20260310100405.102
020 |a 968-16-0690-6 
020 |a 968-16-0653-1 
037 |a Acervo ITESO - Biblioteca 
041 |a ESP 
082 |a 805.  |b REV CON 1929 V. 15-19 
240 1 1 |a [Revistas Literarias Mexicanas Modernas] 
240 1 1 |a [Contemporáneos] 
245 0 0 |a Contemporáneos :  |b 1929 : números 15-19, agosto de 1929-diciembre de 1929 /  |c Dir. de B. Ortiz de Montellano. 
264 4 |a México :  |b Fondo de Cultura Económica,  |c 1981, c1981 
300 |a 435 p. 
336 |a texto  |b txt  |2 rdacontenido 
337 |a sin mediación  |b n  |2 rdamedio 
338 |a volumen  |b nc  |2 rdasoporte 
440 1 |a (Revistas Literarias Mexicanas Modernas) 
534 |a Reproducción facsimilar de la edición original 
649 |a XX 
650 |a Literatura -  |x Publicaciones Periódicas Mexicanas 
650 |a Escritores Españoles 
650 |a Pintores Jaliscienses 
650 |a Pintores Mexicanos 
650 |a Músicos Rusos 
650 |a Artistas Jaliscienses 
650 |a Artistas Mexicanos 
650 |a Artistas Rusos 
650 |a Mujeres Jaliscienses 
650 |a Mujeres Mexicanas 
650 |a Poesía Mexicana 
650 |a Ensayos Mexicanos 
650 |a Teatro Mexicano 
650 |a Contemporáneos (Literatura Mexicana) 
650 |a Literatura Mexicana -  |y Siglo XX 
650 |a Literatura Española -  |x Historia y Crítica 
650 |a Literatura Costumbrista -  |x Historia y Crítica 
650 |a Literatura Española -  |y Siglo XIX 
650 |a Poesía Francesa 
650 |a Ensayos Franceses 
650 |a Literatura Francesa -  |y Siglo XX 
650 |a Poesía Guatemalteca 
650 |a Literatura Guatemalteca -  |y Siglo XX 
650 |a Teatro Inglés 
650 |a Literatura Inglesa -  |y Siglo XX 
650 |a Literatura y Cine 
650 |a Pintura Moderna 
650 |a Pintura Jalisciense 
650 |a Pintura Mexicana 
650 |a Música Moderna -  |x Historia y Crítica 
650 |a Música Rusa -  |x Historia y Crítica 
650 |a Arte Moderno -  |x Historia y Crítica 
650 |a Arte Jalisciense 
650 |a Arte Mexicano 
650 |a Arte Ruso -  |x Historia y Crítica 
650 |a Velocidad 
650 |a Democracia 
650 |a Política -  |x Teoría 
650 |a Estébanez Calderón, Serafín 
650 |a Izquierdo, María 
650 |a Orozco, José Clemente 
650 |a Orozco Romero, Carlos 
650 |a Stravinsky, Igor 
650 |a Publicaciones Periódicas Mexicanas 
700 |a Ortiz de Montellano, Bernardo  |e (dirección) 
910 |a Fondo General 
920 |a Impresos - Libros 
930 |a Colección General 
940 |a Literatura 
905 |a 101 
901 |a 0500086359  |b IT1  |c LIT  |u 20250521 
902 |a https://opac.biblio.iteso.mx/vufind/Record/000154795